000 00484nam a2200181Ia 4500
008 230917s9999||||xx |||||||||||||| ||und||
020 _cRS695
040 _e248321
_aMAIN
041 _aEnglish
082 _a657.95 T829C(2)
100 _aTulsian, P C
245 0 _aCorporate accounting: For B. Com. Hons.
250 _a2nd ed.
260 _aNew Delhi
_bS Chand
_c2018
300 _av. p.
500 _a3158 11/06/2018 HBD18/7422 18/06/2018 IMSAR (Dev. & Research)
942 _cBK
999 _c27114
_d27114